Further notes on the geodesy of the British Isles (Record no. 113199)

MARC details
000 -LEADER
fixed length control field 00745cam a22002415a 4500
001 - CONTROL NUMBER
control field L154854
008 - FIXED-LENGTH DATA ELEMENTS--GENERAL INFORMATION
fixed length control field 120124s1933 xxk f 000 0 eng d
035 ## - SYSTEM CONTROL NUMBER
System control number (Sirsi) u154854
041 0# - LANGUAGE CODE
Language code of text/sound track or separate title eng
050 04 - LIBRARY OF CONGRESS CALL NUMBER
Classification number 522.11 $2 18
110 1# - MAIN ENTRY--CORPORATE NAME
Corporate name or jurisdiction name as entry element Ordnance Survey
9 (RLIN) 1860
245 00 - TITLE STATEMENT
Title Further notes on the geodesy of the British Isles
Remainder of title including geodetic surveys of the Crown Colonies
260 ## - PUBLICATION, DISTRIBUTION, ETC.
Place of publication, distribution, etc. London
Name of publisher, distributor, etc. HMSO
Date of publication, distribution, etc. 1933
300 ## - PHYSICAL DESCRIPTION
Extent 46p.
Other physical details ill.
Dimensions 31cm.
490 #0 - SERIES STATEMENT
Series statement Ordnance Survey Professional Papers
Volume/sequential designation (15) new series
520 ## - SUMMARY, ETC.
Summary, etc. Covers Great Britain, Asia, Africa and British Honduras (now Belize).
651 #4 - SUBJECT ADDED ENTRY--GEOGRAPHIC NAME
Geographic name Great Britain
Chronological subdivision 1707-
651 #4 - SUBJECT ADDED ENTRY--GEOGRAPHIC NAME
Geographic name Asia
651 #4 - SUBJECT ADDED ENTRY--GEOGRAPHIC NAME
Geographic name Africa
651 #4 - SUBJECT ADDED ENTRY--GEOGRAPHIC NAME
Geographic name Belize
690 ## - LOCAL SUBJECT ADDED ENTRY--TOPICAL TERM (OCLC, RLIN)
Topical term or geographic name as entry element Measurement
9 (RLIN) 6256
942 ## - ADDED ENTRY ELEMENTS (KOHA)
Suppress in OPAC 0
Holdings
Withdrawn status Lost status Source of classification or shelving scheme Damaged status Not for loan Home library Current library Shelving location Date acquired Total Checkouts Full call number Barcode Date last seen Copy number Price effective from Koha item type
    Dewey Decimal Classification     London London Basement 24/01/2012   RESERVE 30013832 06/08/2019 1 06/08/2019 Book